01538 2200481 4500001002100000005001500021035002000036100003100056650005300087245007600140264007700216090000900293008004100302082000800343084001700351250003100368260003600399300003800435520018900473336002100662337003000683338002300713990001600736990001600752990001600768990001600784990001600800990001600816990001600832990001600848990001600864990001600880990001600896990001600912990001600928990001600944990001600960990001600976990001600992990001601008990001601024990001601040INLIS00000000116332720231002020710 a0010-07230000330 aIqbal Aji Daryonoepenulis 4aYogyakarta -- Kehidupan Sosial dan adat Istiadat1 aPulang ke Malioboro :bsebuah perjalanan kerinduan /cIqbal Aji Daryono aYogyakarta :bDinas Kebudayaan (Kundha Kabudayan) Kota Yogyakarta,c2023 59.82231002 g 0 ind  a915 aSR 915 IQB p aCetakan Pertama, Juni 2023 aDepok :bKomunitas bambu,c2015 a108 halaman :bilustrasi ;c18 cm aYogyakarta adalah Malioboro. Malioboro adalah Yogyakarta. Orang-orang berdatangan ke kota ini, dan rasanya belum sah mengaku tiba di Jogja jika belum menjejakkan tumitnya di Malioboro. 2rdacontentateks 2rdamediaatanpa perantara 2rdacarrieravolume a52084.64904 a52085.64905 a52086.64906 a52087.64907 a52087.64907 a52084.64904 a52085.64905 a52086.64906 a52086.64906 a52084.64904 a52085.64905 a52087.64907 a52085.64905 a52084.64904 a52086.64906 a52087.64907 a52084.64904 a52085.64905 a52086.64906 a52087.64907